De l'utopie moderne et de ses perversions /
Saved in:
| Main Author: | |
|---|---|
| Format: | Book |
| Language: | French |
| Published: |
Paris :
Presses universitaires de France,
1997.
|
| Edition: | 1re éd. |
| Series: | Histoires (Presses universitaires de France)
|
| Subjects: | |
| Tags: |
Add Tag
No Tags, Be the first to tag this record!
|
| LEADER | 00808nam a2200265 a 4500 | ||
|---|---|---|---|
| 001 | 007729471-8 | ||
| 005 | 20030729143439.0 | ||
| 008 | 980213s1997 fr b 001 0 fre | ||
| 010 | |a 98115467 | ||
| 020 | |a 2130489273 | ||
| 035 | 0 | |a ocm38423680 | |
| 040 | |a DLC |c DLC | ||
| 050 | 0 | 0 | |a JC585 |b .B44 1997 |
| 100 | 1 | |a Bernard, Philippe J. | |
| 245 | 1 | 0 | |a De l'utopie moderne et de ses perversions / |c Philippe J. Bernard ; préface de Pierre Chaunu. |
| 250 | |a 1re éd. | ||
| 260 | |a Paris : |b Presses universitaires de France, |c 1997. | ||
| 300 | |a vi, 216 p. ; |c 22 cm. | ||
| 490 | 1 | |a Histoires, |x 0246-6120 | |
| 504 | |a Includes bibliographical references and index. | ||
| 650 | 0 | |a Liberty. | |
| 650 | 0 | |a Economics. | |
| 830 | 0 | |a Histoires (Presses universitaires de France) | |
| 988 | |a 20020608 | ||
| 906 | |0 DLC | ||


